| Tag |
First Indicator |
Second Indicator |
Subfields |
| LEADER |
00000cam a2200000 a 4500 |
| 001 |
in00002012206 |
| 005 |
20151031153910.0 |
| 008 |
040217s2004 okub s000 1 eng |
| 010 |
|
|
|a 2004041287
|
| 020 |
|
|
|a 0806136367 (alk. paper)
|
| 035 |
|
|
|a (OCoLC)ocm54503649
|
| 040 |
|
|
|a DLC
|c DLC
|d TXA
|d UtOrBLW
|
| 043 |
|
|
|a n-us-ok
|a np-----
|
| 049 |
|
|
|a TXAM
|
| 050 |
0 |
0 |
|a PS3558.A64455
|b F65 2004
|
| 082 |
0 |
0 |
|a 813/.54
|2 22
|
| 100 |
1 |
|
|a Harris, Fred R.,
|d 1930-
|
| 245 |
1 |
0 |
|a Following the harvest :
|b a novel /
|c Fred Harris.
|
| 264 |
|
1 |
|a Norman :
|b University of Oklahoma Press,
|c [2004]
|
| 264 |
|
4 |
|c ©2004
|
| 300 |
|
|
|a 282 pages :
|b map ;
|c 23 cm.
|
| 336 |
|
|
|a text
|b txt
|2 rdacontent
|
| 337 |
|
|
|a unmediated
|b n
|2 rdamedia
|
| 338 |
|
|
|a volume
|b nc
|2 rdacarrier
|
| 650 |
|
0 |
|a Migrant agricultural laborers
|v Fiction.
|
| 650 |
|
0 |
|a World War, 1939-1945
|z Oklahoma
|v Fiction.
|
| 651 |
|
0 |
|a Great Plains
|v Fiction.
|
| 650 |
|
0 |
|a Harvesting
|v Fiction.
|
| 650 |
|
0 |
|a Young men
|v Fiction.
|
| 651 |
|
0 |
|a Oklahoma
|v Fiction.
|
| 650 |
|
0 |
|a Historical fiction.
|
| 650 |
|
0 |
|a Bildungsromans.
|
| 948 |
|
|
|a cataloged
|b h
|c 2004/12/17
|d c
|e dmitchel
|f 10:50:40 am
|
| 994 |
|
|
|a E0
|b TXA
|
| 999 |
|
|
|a MARS
|
| 999 |
f |
f |
|s 71070d70-6fe1-3e8b-98ac-7e833d13510e
|i 3c12c1e6-3477-3b48-875e-e5ea19343ee5
|t 0
|
| 952 |
f |
f |
|p ric
|a Texas A&M University
|b Rellis Campus
|c Joint Library Facility
|d Remote Storage
|t 0
|e PS3558.A64455 F65 2004
|h Library of Congress classification
|i unmediated -- volume
|m A14831642769
|
| 998 |
f |
f |
|a PS3558.A64455 F65 2004
|t 0
|l Remote Storage
|